000 00585nam a2200205Ia 4500
003 OSt
005 20220926040515.0
006 a|||||r|||| 00| 0
007 ta
008 220923b |||||||| |||| 00| 0 eng d
037 _cGeneral Book
040 _aRTL
_cRTL
_beng
041 _2eng
_aeng
082 _aX:327w73.n, J5
100 _aDiaond siegman
_9343755
245 0 _aReputation of The American Busineeman
490 _aHarverd University ,Studies of enterpreneuer history
942 _hX:327w73.n, J5
_cGB
_2CC
999 _c664999
_d664999